Tensor decomposition based approach for training extreme learning machines (Record no. 5558)
[ view plain ]
| 000 -LEADER | |
|---|---|
| fixed length control field | 00495nam a22001697a 4500 |
| 003 - CONTROL NUMBER IDENTIFIER | |
| control field | OSt |
| 005 - DATE AND TIME OF LATEST TRANSACTION | |
| control field | 20220107122824.0 |
| 008 - FIXED-LENGTH DATA ELEMENTS--GENERAL INFORMATION | |
| fixed length control field | 170313b xxu||||| |||| 00| 0 eng d |
| 040 ## - CATALOGING SOURCE | |
| Transcribing agency | IIITMK |
| 100 ## - MAIN ENTRY--PERSONAL NAME | |
| Personal name | Nikhitha K Nair (93515014) |
| 9 (RLIN) | 11445 |
| 245 ## - TITLE STATEMENT | |
| Title | Tensor decomposition based approach for training extreme learning machines |
| 300 ## - PHYSICAL DESCRIPTION | |
| Extent | M Phil CS - Main |
| 502 ## - DISSERTATION NOTE | |
| Degree type | MPhil CS |
| Name of granting institution | 2015-16 |
| Year degree granted | INT |
| -- | Dr. Asharaf |
| 650 ## - SUBJECT ADDED ENTRY--TOPICAL TERM | |
| Topical term or geographic name entry element | LEARNING MACHINES |
| 9 (RLIN) | 11446 |
| 650 ## - SUBJECT ADDED ENTRY--TOPICAL TERM | |
| Topical term or geographic name entry element | TENSOR |
| 9 (RLIN) | 11447 |
| 942 ## - ADDED ENTRY ELEMENTS (KOHA) | |
| Source of classification or shelving scheme | Dewey Decimal Classification |
| Koha item type | |
| Withdrawn status | Lost status | Source of classification or shelving scheme | Damaged status | Not for loan | Home library | Current library | Shelving location | Date acquired | Total Checkouts | Barcode | Date last seen | Price effective from | Koha item type |
|---|---|---|---|---|---|---|---|---|---|---|---|---|---|
| Dewey Decimal Classification | IIITM-K | Kerala University of Digital Sciences, Innovation and Technology Knowledge Centre | 13/03/2017 | R-1189 | 13/03/2017 | 13/03/2017 | Project Reports |